[Event "4NCL9495 2nd Season"]
[Site "Various Venues"]
[Date "1995.01.22"]
[Round "6.7"]
[White "Lazarus, Simon E"]
[Black "Forbes, Cathy"]
[Result "1-0"]
[WhiteElo "2088"]
[BlackElo "2140"]
[PlyCount "139"]
[EventDate "1994.10.01"]
[EventType "team-tourn"]
[EventRounds "11"]
[EventCountry "GBR"]
[SourceTitle "BritBase"]
[SourceDate "2020.05.17"]
[SourceVersion "1"]
[SourceVersionDate "2020.05.17"]
[SourceQuality "1"]
[WhiteTeam "Covent Garden"]
[BlackTeam "BCM"]
[WhiteTeamCountry "ENG"]
[BlackTeamCountry "ENG"]

1. d4 d5 2. c4 c6 3. Nf3 Nf6 4. Nc3 e6 5. Bg5 h6 6. Bxf6 Qxf6 7. e3 Nd7 8. Qc2
Bb4 9. a3 Ba5 10. b4 Bb6 11. Bd3 O-O 12. cxd5 exd5 13. O-O Qd6 14. Na4 Bc7 15.
b5 cxb5 16. Bxb5 a6 17. Bd3 b5 18. Rfc1 Ra7 19. Nc5 Nxc5 20. Qxc5 Qxc5 21. dxc5
Bg4 22. Nd4 Bd7 23. Bc2 Rc8 24. Bb3 Be6 25. f4 Ba5 26. Rc2 g6 27. e4 Rac7 28.
exd5 Bxd5 29. Bxd5 Rxc5 30. Rxc5 Rxc5 31. Nb3 Rxd5 32. Nxa5 Rd4 33. g3 Ra4 34.
Nb3 h5 35. Nc5 Ra5 36. Nb3 Ra4 37. Kf2 h4 38. Nc5 hxg3+ 39. hxg3 Ra5 40. Nb3
Ra4 41. Ke3 a5 42. Kd3 f5 43. Nc5 Rc4 44. Nb7 Ra4 45. Nc5 Rc4 46. Nd7 Kg7 47.
Rb1 Ra4 48. Rb3 b4 49. axb4 axb4 50. Kc4 g5 51. Nc5 Ra1 52. Ne6+ Kg6 53. Nxg5
Kh5 54. Kxb4 Kg4 55. Kc4 Ra4+ 56. Kd5 Ra5+ 57. Ke6 Ra6+ 58. Ke5 Ra5+ 59. Kf6
Ra8 60. Nf7 Ra6+ 61. Ke5 Ra5+ 62. Kd4 Ra4+ 63. Kc5 Ra5+ 64. Kb6 Ra8 65. Ne5+
Kh3 66. Kb7 Ra4 67. Kc6 Kg2 68. Kd5 Ra8 69. Ke6 Rf8 70. Ng6 1-0

[Event "4NCL9495 2nd Season"]
[Site "Various Venues"]
[Date "1995.01.22"]
[Round "6.1"]
[White "Pritchett, Craig William"]
[Black "Hanreck, Alan E"]
[Result "1/2-1/2"]
[WhiteElo "2345"]
[BlackElo "2245"]
[PlyCount "47"]
[EventDate "1994.10.01"]
[EventType "team-tourn"]
[EventRounds "11"]
[EventCountry "GBR"]
[SourceTitle "BritBase"]
[SourceDate "2020.05.17"]
[SourceVersion "1"]
[SourceVersionDate "2020.05.17"]
[SourceQuality "1"]
[WhiteTeam "Barbican"]
[BlackTeam "Invicta Knights"]
[WhiteTeamCountry "ENG"]
[BlackTeamCountry "ENG"]

1. c4 e5 2. Nc3 Bb4 3. Qc2 Nc6 4. e3 Nf6 5. Nge2 a5 6. a3 Bc5 7. Ng3 d6 8. Bd3
Be6 9. b3 Ne7 10. Bb2 Ng6 11. h4 Ne7 12. h5 h6 13. Nce4 Nd7 14. f4 f6 15. fxe5
dxe5 16. O-O O-O 17. Nxc5 Nxc5 18. Bh7+ Kh8 19. d4 exd4 20. exd4 Nxb3 21. Qxb3
Kxh7 22. Rae1 Bf7 23. d5 Qd7 24. a4 1/2-1/2

[Event "4NCL9495 2nd Season"]
[Site "Various Venues"]
[Date "1995.01.22"]
[Round "6.2"]
[White "Dickenson, Neil F"]
[Black "Piper, Matthew"]
[Result "1-0"]
[WhiteElo "2315"]
[BlackElo "2285"]
[PlyCount "66"]
[EventDate "1994.10.01"]
[EventType "team-tourn"]
[EventRounds "11"]
[EventCountry "GBR"]
[SourceTitle "BritBase"]
[SourceDate "2020.05.17"]
[SourceVersion "1"]
[SourceVersionDate "2020.05.17"]
[SourceQuality "1"]
[WhiteTeam "Invicta Knights"]
[BlackTeam "Barbican"]
[WhiteTeamCountry "ENG"]
[BlackTeamCountry "ENG"]

1. d4 Nf6 2. Bg5 e6 3. Nf3 h6 4. Bh4 c5 5. e3 Be7 6. Bd3 O-O 7. Nbd2 Nc6 8. c3
d5 9. O-O b6 10. Ne5 Nxe5 11. dxe5 Nd7 12. Bg3 Bh4 13. Bxh4 Qxh4 14. f4 Bb7 15.
Rf3 Qe7 16. Rg3 f5 17. Qh5 Kh8 18. Nf3 Qe8 19. Rg6 Rf7 20. Rxe6 Qxe6 21. Ng5
Qe8 22. Nxf7+ Kg8 23. Bxf5 Nf8 24. Nxh6+ gxh6 25. Qxh6 Qf7 26. Qh3 Rd8 27. Bc2
d4 28. cxd4 cxd4 29. Rd1 Rd7 30. Bb3 Bd5 31. Qg4+ Kh8 32. Bxd5 Rxd5 33. exd4
Rd8 1-0

[Event "4NCL9495 2nd Season"]
[Site "Various Venues"]
[Date "1995.01.22"]
[Round "6.3"]
[White "Duncan, Christopher R"]
[Black "Brown, Simon D"]
[Result "0-1"]
[WhiteElo "2310"]
[BlackElo "2290"]
[PlyCount "60"]
[EventDate "1994.10.01"]
[EventType "team-tourn"]
[EventRounds "11"]
[EventCountry "GBR"]
[SourceTitle "BritBase"]
[SourceDate "2020.05.17"]
[SourceVersion "1"]
[SourceVersionDate "2020.05.17"]
[SourceQuality "1"]
[WhiteTeam "Barbican"]
[BlackTeam "Invicta Knights"]
[WhiteTeamCountry "ENG"]
[BlackTeamCountry "ENG"]

1. e4 e6 2. d4 d5 3. e5 c5 4. c3 Nc6 5. Nf3 Qb6 6. a3 c4 7. Be2 f6 8. Nbd2 Qc7
9. exf6 Nxf6 10. O-O Bd6 11. b3 cxb3 12. c4 O-O 13. Qxb3 Kh8 14. Bb2 Ne4 15.
Qd3 Nxd2 16. Qxd2 Bd7 17. Qc2 Rf6 18. Rae1 Bf4 19. Rd1 Raf8 20. g3 Bd6 21. Kg2
dxc4 22. Ng5 Rg6 23. h4 Ne7 24. Nxh7 Bc6+ 25. Kh3 Rxf2 26. Ng5 Bg2+ 27. Kg4
Bf3+ 28. Kh3 Rxe2 29. Rd2 Bg2+ 30. Kg4 Re4+ 0-1

[Event "4NCL9495 2nd Season"]
[Site "Various Venues"]
[Date "1995.01.22"]
[Round "6.4"]
[White "Bibby, Simon"]
[Black "Kenworthy, Gary"]
[Result "1/2-1/2"]
[WhiteElo "2255"]
[BlackElo "2290"]
[PlyCount "28"]
[EventDate "1994.10.01"]
[EventType "team-tourn"]
[EventRounds "11"]
[EventCountry "GBR"]
[SourceTitle "BritBase"]
[SourceDate "2020.05.17"]
[SourceVersion "1"]
[SourceVersionDate "2020.05.17"]
[SourceQuality "1"]
[WhiteTeam "Invicta Knights"]
[BlackTeam "Barbican"]
[WhiteTeamCountry "ENG"]
[BlackTeamCountry "ENG"]

1. d4 Nf6 2. Bg5 d6 3. Nf3 Nbd7 4. e3 h6 5. Bh4 g6 6. Be2 Bg7 7. c4 O-O 8. Nc3
c6 9. Qc2 a6 10. a4 a5 11. O-O e5 12. Rad1 Qe7 13. dxe5 dxe5 14. Ne4 Nc5
1/2-1/2

[Event "4NCL9495 2nd Season"]
[Site "Various Venues"]
[Date "1995.01.22"]
[Round "6.5"]
[White "Byway, Paul V"]
[Black "Gormally, Daniel"]
[Result "1/2-1/2"]
[WhiteElo "2295"]
[BlackElo "2168"]
[PlyCount "181"]
[EventDate "1994.10.01"]
[EventType "team-tourn"]
[EventRounds "11"]
[EventCountry "GBR"]
[SourceTitle "BritBase"]
[SourceDate "2020.05.17"]
[SourceVersion "1"]
[SourceVersionDate "2020.05.17"]
[SourceQuality "1"]
[WhiteTeam "Barbican"]
[BlackTeam "Invicta Knights"]
[WhiteTeamCountry "ENG"]
[BlackTeamCountry "ENG"]

1. Nf3 Nf6 2. c4 g6 3. g3 Bg7 4. Bg2 O-O 5. O-O c5 6. Nc3 Nc6 7. a3 d5 8. cxd5
Nxd5 9. Nxd5 Qxd5 10. d3 Rd8 11. Be3 Bxb2 12. Rb1 Bxa3 13. Nd4 Qxg2+ 14. Kxg2
cxd4 15. Qa4 dxe3 16. Qxa3 exf2 17. Rxf2 b6 18. Rf4 Be6 19. Kf2 Rac8 20. Rc1
Rd7 21. Rc3 Rdd8 22. Qc1 Na5 23. Rh4 h5 24. h3 Nb3 25. Rxc8 Rxc8 26. Qb2 f6 27.
Re4 Nc5 28. Re3 Kf7 29. d4 Nb7 30. Qa3 Nd6 31. Qxa7 Nf5 32. Rd3 Bc4 33. Rd1 b5
34. e4 Nd6 35. e5 Ne4+ 36. Ke3 Bd5 37. exf6 Rc3+ 38. Rd3 Rxd3+ 39. Kxd3 Nxf6
40. Qb8 Bg2 41. h4 Bf1+ 42. Ke3 Bc4 43. Qb7 Nd5+ 44. Ke4 Nf6+ 45. Ke5 Be2 46.
Kf4 Bc4 47. Kg5 Be2 48. Qb6 Bc4 49. Qc6 Kg7 50. Qb7 Kf7 51. Qc7 Bb3 52. Qc1 Bd5
53. Qb1 Be4 54. Qxb5 Bg2 55. Qa6 Bd5 56. Qd3 Be4 57. Qa3 Bg2 58. Qb2 Bd5 59.
Kf4 Bh1 60. Ke3 Bd5 61. Qb8 Bg2 62. Kd2 Bf3 63. Kc2 Be4+ 64. Kb2 Bf3 65. Ka3
Bg2 66. Qf4 Bd5 67. Ka4 Bc6+ 68. Ka5 Ke6 69. Qg5 Kf7 70. Kb6 Bf3 71. Qf4 Be4
72. Kc7 Ke8 73. Qe5 Nd5+ 74. Kb8 Nf6 75. Kc8 Bd5 76. Qb8 Be6+ 77. Kc7+ Kf7 78.
Kd8 Nd5 79. Qe5 Nf6 80. Qf4 Bf5 81. Qc7 Nd5 82. Qc6 Be6 83. Qe8+ Kg7 84. Qc6
Kf7 85. Qa6 Nf6 86. Qa3 Nd5 87. Qf3+ Nf6 88. Qf4 Bf5 89. Qe5 Be6 90. Qf4 Bf5
91. Qc7 1/2-1/2

[Event "4NCL9495 2nd Season"]
[Site "Various Venues"]
[Date "1995.01.22"]
[Round "6.6"]
[White "Harakis, Alexis"]
[Black "Regan, Natasha"]
[Result "1-0"]
[WhiteElo "2170"]
[BlackElo "2140"]
[PlyCount "73"]
[EventDate "1994.10.01"]
[EventType "team-tourn"]
[EventRounds "11"]
[EventCountry "GBR"]
[SourceTitle "BritBase"]
[SourceDate "2020.05.17"]
[SourceVersion "1"]
[SourceVersionDate "2020.05.17"]
[SourceQuality "1"]
[WhiteTeam "Invicta Knights"]
[BlackTeam "Barbican"]
[WhiteTeamCountry "ENG"]
[BlackTeamCountry "ENG"]

1. d4 Nf6 2. c4 g6 3. Nc3 Bg7 4. e4 d6 5. f3 O-O 6. Nge2 c5 7. Be3 cxd4 8. Nxd4
Nc6 9. Be2 Re8 10. O-O a6 11. Qd2 Bd7 12. Rfd1 Rb8 13. Rac1 b5 14. Nxc6 Bxc6
15. e5 dxe5 16. Qxd8 Rexd8 17. Rxd8+ Rxd8 18. cxb5 axb5 19. Nxb5 Nd5 20. Rxc6
Nxe3 21. Kf2 Nf5 22. g4 Nd4 23. Nxd4 exd4 24. Bd3 f5 25. gxf5 gxf5 26. a4 e5
27. Bxf5 e4 28. Rc8 e3+ 29. Ke2 Rxc8 30. Bxc8 Be5 31. Ba6 Bxh2 32. Kd3 Be5 33.
Ke4 d3 34. Bxd3 Bxb2 35. a5 Ba3 36. Kd5 Bc1 37. Be2 1-0

[Event "4NCL9495 2nd Season"]
[Site "Various Venues"]
[Date "1995.01.22"]
[Round "6.1"]
[White "Beaumont, Chris"]
[Black "Littlewood, John Eric"]
[Result "0-1"]
[WhiteElo "2350"]
[BlackElo "2310"]
[PlyCount "88"]
[EventDate "1994.10.01"]
[EventType "team-tourn"]
[EventRounds "11"]
[EventCountry "GBR"]
[SourceTitle "BritBase"]
[SourceDate "2020.05.17"]
[SourceVersion "1"]
[SourceVersionDate "2020.05.17"]
[SourceQuality "1"]
[WhiteTeam "Bristol"]
[BlackTeam "North West Eagles"]
[WhiteTeamCountry "ENG"]
[BlackTeamCountry "ENG"]

1. Nf3 g6 2. c4 Nf6 3. Nc3 Bg7 4. e4 d6 5. d4 O-O 6. Be2 e5 7. O-O exd4 8. Nxd4
Re8 9. f3 Nc6 10. Be3 Nh5 11. f4 Nf6 12. Bf3 Bd7 13. Kh1 a6 14. Rc1 Na5 15. Qd3
c5 16. Nb3 Bc6 17. Nd2 b5 18. b3 Rb8 19. Rb1 Qe7 20. Bf2 h6 21. Bh4 bxc4 22.
Nxc4 Nxc4 23. Qxc4 Qb7 24. e5 Bxf3 25. Rxf3 Nd7 26. exd6 Qc6 27. Rd1 Nb6 28.
Qxa6 Bxc3 29. d7 Bd4 30. dxe8=Q+ Rxe8 31. a4 Qc7 32. h3 Nd5 33. Qc4 Ne3 34. Qd3
Nxd1 35. Qxd1 Re4 36. Bg3 Qe7 37. f5 g5 38. Qd3 h5 39. f6 Qe6 40. Bf2 g4 41.
Bxd4 Rxd4 42. Qe3 gxf3 43. Qg5+ Kf8 44. Qxc5+ Rd6 0-1

[Event "4NCL9495 2nd Season"]
[Site "Various Venues"]
[Date "1995.01.22"]
[Round "6.2"]
[White "Quillan, Gary"]
[Black "Karlsson, Agust Sindri"]
[Result "0-1"]
[WhiteElo "2305"]
[BlackElo "2315"]
[PlyCount "76"]
[EventDate "1994.10.01"]
[EventType "team-tourn"]
[EventRounds "11"]
[EventCountry "GBR"]
[SourceTitle "BritBase"]
[SourceDate "2020.05.17"]
[SourceVersion "1"]
[SourceVersionDate "2020.05.17"]
[SourceQuality "1"]
[WhiteTeam "North West Eagles"]
[BlackTeam "Bristol"]
[WhiteTeamCountry "ENG"]
[BlackTeamCountry "ENG"]

1. e4 g6 2. d4 d6 3. Nc3 c6 4. Nf3 Bg7 5. Be3 Nf6 6. Qd2 b5 7. Bd3 Bg4 8. Bh6
Bxh6 9. Qxh6 Bxf3 10. gxf3 e6 11. O-O-O b4 12. Ne2 Ng8 13. Qd2 a5 14. f4 d5 15.
f3 f5 16. Ng3 Ra7 17. Rde1 Kf7 18. Re2 Nf6 19. h4 h5 20. Rg1 Rg8 21. Qe3 Re7
22. Rge1 Rge8 23. Qg1 Qc7 24. Qe3 Nbd7 25. Kb1 Nb6 26. Nh1 dxe4 27. fxe4 Ng4
28. Qf3 Qd6 29. Nf2 Qxd4 30. Nh3 Na4 31. Ng5+ Kf8 32. c3 bxc3 33. Bc2 Nxb2 34.
exf5 Nc4 35. Qxc6 Na3+ 36. Ka1 Ne3 37. Rxe3 Nxc2+ 38. Kb1 Rb8+ 0-1

[Event "4NCL9495 2nd Season"]
[Site "Various Venues"]
[Date "1995.01.22"]
[Round "6.3"]
[White "Wall, Gavin"]
[Black "House, Glenn L"]
[Result "1/2-1/2"]
[WhiteElo "2275"]
[BlackElo "2240"]
[PlyCount "71"]
[EventDate "1994.10.01"]
[EventType "team-tourn"]
[EventRounds "11"]
[EventCountry "GBR"]
[SourceTitle "BritBase"]
[SourceDate "2020.05.17"]
[SourceVersion "1"]
[SourceVersionDate "2020.05.17"]
[SourceQuality "1"]
[WhiteTeam "Bristol"]
[BlackTeam "North West Eagles"]
[WhiteTeamCountry "ENG"]
[BlackTeamCountry "ENG"]

1. d4 Nf6 2. Nf3 b6 3. Bf4 Bb7 4. e3 g6 5. h3 Bg7 6. Nbd2 O-O 7. c3 d6 8. Bc4
c5 9. O-O Nbd7 10. Qe2 d5 11. Bd3 Re8 12. Ne5 Rc8 13. a4 Nxe5 14. Bxe5 Nd7 15.
Bxg7 Kxg7 16. f4 Nf6 17. Qf3 Rf8 18. g4 Qd6 19. a5 Bc6 20. Rf2 Rb8 21. g5 Nh5
22. Nf1 Kg8 23. h4 f6 24. gxf6 Qxf6 25. Qh3 Kh8 26. Nh2 Qd6 27. axb6 axb6 28.
Nf3 Bd7 29. Qh2 Nf6 30. Ne5 Bf5 31. Bxf5 gxf5 32. Rg2 Qe6 33. Kh1 Rg8 34. Rag1
Rxg2 35. Rxg2 Rg8 36. Rg5 1/2-1/2

[Event "4NCL9495 2nd Season"]
[Site "Various Venues"]
[Date "1995.01.22"]
[Round "6.4"]
[White "Lund, D Brett"]
[Black "Binks, Michael E"]
[Result "0-1"]
[WhiteElo "2280"]
[BlackElo "2110"]
[PlyCount "160"]
[EventDate "1994.10.01"]
[EventType "team-tourn"]
[EventRounds "11"]
[EventCountry "GBR"]
[SourceTitle "BritBase"]
[SourceDate "2020.05.17"]
[SourceVersion "1"]
[SourceVersionDate "2020.05.17"]
[SourceQuality "1"]
[WhiteTeam "North West Eagles"]
[BlackTeam "Bristol"]
[WhiteTeamCountry "ENG"]
[BlackTeamCountry "ENG"]

1. g3 e5 2. c4 f5 3. Bg2 Nf6 4. Nc3 c6 5. d4 e4 6. Nh3 d5 7. Bg5 dxc4 8. f3 Be7
9. fxe4 fxe4 10. O-O O-O 11. e3 Bg4 12. Qc2 Nbd7 13. Bxf6 Nxf6 14. Nxe4 Nxe4
15. Rxf8+ Qxf8 16. Qxe4 Bf5 17. Qf4 Bd6 18. Qf2 Re8 19. Bf1 b5 20. a4 a6 21.
axb5 axb5 22. Ra6 Be4 23. Qxf8+ Bxf8 24. Nf4 Bb4 25. Bg2 Bd2 26. Kf2 Bxe3+ 27.
Kxe3 Bxg2+ 28. Kd2 Bf3 29. h4 Kf7 30. Ra3 Bh1 31. Ra1 Bd5 32. Nxd5 cxd5 33. Ra5
Re4 34. Rxb5 Rxd4+ 35. Ke3 Rd1 36. Kf4 h6 37. Ke5 d4 38. Rb7+ Kg6 39. g4 d3 40.
h5+ Kh7 41. Kd4 Rg1 42. Kc3 Rxg4 43. Rd7 Kg8 44. Rb7 Rg1 45. Kd2 Rg2+ 46. Kd1
Rc2 47. Ke1 Rh2 48. Rc7 Rxb2 49. Rxc4 Rh2 50. Rc5 d2+ 51. Kd1 Kh7 52. Rf5 Rg2
53. Rf1 Rg5 54. Rh1 Rd5 55. Rh2 Kg8 56. Rh1 Kf7 57. Rh2 Kf6 58. Rf2+ Ke6 59.
Rh2 Ra5 60. Re2+ Kd6 61. Rf2 Ra1+ 62. Kxd2 Ra2+ 63. Ke3 Rxf2 64. Kxf2 Ke5 65.
Kg3 Kf5 66. Kh4 Kf4 67. Kh3 Kg5 68. Kg3 Kxh5 69. Kh3 g5 70. Kg3 g4 71. Kg2 Kg5
72. Kg3 Kf5 73. Kf2 Kf4 74. Kg2 g3 75. Kf1 Kf3 76. Kg1 g2 77. Kh2 Kf2 78. Kh3
g1=Q 79. Kh4 Qg5+ 80. Kh3 Qg3# 0-1

[Event "4NCL9495 2nd Season"]
[Site "Various Venues"]
[Date "1995.01.22"]
[Round "6.5"]
[White "Mordue, A Tyson"]
[Black "Tebb, David"]
[Result "1/2-1/2"]
[WhiteElo "2230"]
[BlackElo "2305"]
[PlyCount "33"]
[EventDate "1994.10.01"]
[EventType "team-tourn"]
[EventRounds "11"]
[EventCountry "GBR"]
[SourceTitle "BritBase"]
[SourceDate "2020.05.17"]
[SourceVersion "1"]
[SourceVersionDate "2020.05.17"]
[SourceQuality "1"]
[WhiteTeam "Bristol"]
[BlackTeam "North West Eagles"]
[WhiteTeamCountry "ENG"]
[BlackTeamCountry "ENG"]

1. e4 e5 2. Nf3 Nc6 3. Bb5 f5 4. d3 Nf6 5. Nc3 Bb4 6. O-O O-O 7. Bxc6 bxc6 8.
Nxe5 Qe8 9. Nf3 Bxc3 10. bxc3 fxe4 11. Re1 Qg6 12. Nh4 Qf7 13. Ba3 Re8 14. dxe4
Rxe4 15. Rxe4 Nxe4 16. Qd4 Ng5 17. Re1 1/2-1/2

[Event "4NCL9495 2nd Season"]
[Site "Various Venues"]
[Date "1995.01.22"]
[Round "6.6"]
[White "Merriman, John"]
[Black "Phillips, Roy Jean Noel"]
[Result "1-0"]
[WhiteElo "2280"]
[BlackElo "2130"]
[PlyCount "25"]
[EventDate "1994.10.01"]
[EventType "team-tourn"]
[EventRounds "11"]
[EventCountry "GBR"]
[SourceTitle "BritBase"]
[SourceDate "2020.05.17"]
[SourceVersion "1"]
[SourceVersionDate "2020.05.17"]
[SourceQuality "1"]
[WhiteTeam "North West Eagles"]
[BlackTeam "Bristol"]
[WhiteTeamCountry "ENG"]
[BlackTeamCountry "ENG"]

1. d4 g6 2. c4 Bg7 3. Nc3 c5 4. d5 Bxc3+ 5. bxc3 f5 6. Nf3 d6 7. g3 Qa5 8. Qb3
Nd7 9. Bg2 Nb6 10. O-O Bd7 11. Nd2 Ba4 12. Qb1 Nf6 13. e4 {illegible, c. 53
moves} 1-0

[Event "4NCL9495 2nd Season"]
[Site "Various Venues"]
[Date "1995.01.22"]
[Round "6.7"]
[White "Cole, Roland"]
[Black "Wolstencroft, Darryl"]
[Result "1/2-1/2"]
[WhiteElo "2290"]
[BlackElo "2190"]
[PlyCount "89"]
[EventDate "1994.10.01"]
[EventType "team-tourn"]
[EventRounds "11"]
[EventCountry "GBR"]
[SourceTitle "BritBase"]
[SourceDate "2020.05.17"]
[SourceVersion "1"]
[SourceVersionDate "2020.05.17"]
[SourceQuality "1"]
[WhiteTeam "Bristol"]
[BlackTeam "North West Eagles"]
[WhiteTeamCountry "ENG"]
[BlackTeamCountry "ENG"]

1. d4 e6 2. e3 f5 3. Nf3 Nf6 4. Nbd2 Be7 5. Bd3 d5 6. Ne5 O-O 7. O-O Nbd7 8.
Ndf3 Ne4 9. Nxd7 Bxd7 10. Ne5 Be8 11. f3 Nd6 12. Qe2 Nf7 13. Nxf7 Bxf7 14. c3
c5 15. Kh1 Bh5 16. Qe1 Bh4 17. Qd2 Qc7 18. b4 c4 19. Bc2 a5 20. b5 a4 21. Ba3
Rf6 22. e4 dxe4 23. fxe4 Rh6 24. b6 Qb8 25. e5 Qd8 26. Rab1 Qd5 27. Kg1 {(=)}
Rg6 28. Bd1 Bg5 29. Qc2 Be3+ 30. Kh1 Bxd1 31. Rbxd1 Qd8 32. d5 Qxb6 33. dxe6
Qxe6 34. Qxa4 Qa6 35. Qd7 $2 Qc6 $2 (35... Qxa3 36. Rxf5 h6 $19) 36. Qxc6 Rxc6
37. Rxf5 g6 38. Rf3 Rxa3 39. Rxe3 Rxa2 40. h3 Re6 {(=)} 41. Rd7 Ra5 42. Rf3
Raxe5 43. Rff7 b5 44. Rg7+ Kf8 45. Rxh7 1/2-1/2

[Event "4NCL9495 2nd Season"]
[Site "Various Venues"]
[Date "1995.01.22"]
[Round "6.1"]
[White "Webster, Andrew"]
[Black "Cummings, David H"]
[Result "1-0"]
[WhiteElo "2410"]
[BlackElo "2375"]
[PlyCount "117"]
[EventDate "1994.10.01"]
[EventType "team-tourn"]
[EventRounds "11"]
[EventCountry "GBR"]
[SourceTitle "BritBase"]
[SourceDate "2020.05.17"]
[SourceVersion "1"]
[SourceVersionDate "2020.05.17"]
[SourceQuality "1"]
[WhiteTeam "Midland Monarchs"]
[BlackTeam "Slough"]
[WhiteTeamCountry "ENG"]
[BlackTeamCountry "ENG"]

1. c4 Nf6 2. g3 g6 3. Bg2 Bg7 4. Nc3 O-O 5. e4 d6 6. Nge2 c6 7. O-O a6 8. h3 b5
9. d3 Nbd7 10. Be3 Rb8 11. b3 Bb7 12. f4 e5 13. Qd2 Re8 14. Rad1 Qe7 15. g4
exf4 16. Bxf4 h5 17. g5 Nh7 18. Rf2 Nc5 19. h4 b4 20. Nb1 a5 21. Be3 Rbd8 22.
Rdf1 Rf8 23. Qc2 Nd7 24. d4 c5 25. Nd2 cxd4 26. Bxd4 Ne5 27. Bh3 Rde8 28. Nf4
Ng4 29. Bxg7 Kxg7 30. Bxg4 hxg4 31. Qb2+ Qe5 32. Qxe5+ Rxe5 33. Nd3 Re7 34. Rf4
Rfe8 35. Nf2 f6 36. Rxg4 fxg5 37. hxg5 Nf8 38. Re1 Nd7 39. Nd3 Ne5 40. Nxe5
Rxe5 41. Kf2 Bc8 42. Rg3 Bb7 43. Kf3 a4 44. Kf4 Rf8+ 45. Ke3 a3 46. Rh1 Bc8 47.
Rg2 Rfe8 48. Rh4 d5 49. Rgh2 Rxg5 50. Rh7+ Kf6 51. Rf2+ Rf5 52. cxd5 Rxf2 53.
Kxf2 Ba6 54. Ra7 Bd3 55. Ke3 Bc2 56. Ra6+ Kf7 57. Rc6 Bd1 58. Nc4 Rh8 59. Ne5+
1-0

[Event "4NCL9495 2nd Season"]
[Site "Various Venues"]
[Date "1994.01.22"]
[Round "6.2"]
[White "Summerscale, Aaron"]
[Black "Ledger, Andrew"]
[Result "1-0"]
[WhiteElo "2435"]
[BlackElo "2410"]
[PlyCount "163"]
[EventDate "1994.10.01"]
[EventType "team-tourn"]
[EventRounds "11"]
[EventCountry "GBR"]
[SourceTitle "BritBase"]
[SourceDate "2020.05.17"]
[SourceVersion "1"]
[SourceVersionDate "2020.05.17"]
[SourceQuality "1"]
[WhiteTeam "Slough"]
[BlackTeam "Midland Monarchs"]
[WhiteTeamCountry "ENG"]
[BlackTeamCountry "ENG"]

1. d4 Nf6 2. Nf3 g6 3. Nc3 d5 4. Bf4 Bg7 5. e3 O-O 6. Be2 c6 7. Ne5 Nfd7 8. h4
Qb6 9. Nd3 f6 10. Na4 Qa5+ 11. c3 e5 12. Bg3 Na6 13. b4 Qd8 14. Qb3 Nc7 15. h5
a5 16. hxg6 hxg6 17. c4 dxc4 18. Qxc4+ Rf7 19. dxe5 axb4 20. e6 Nxe6 21. Qxe6
Rxa4 22. Rd1 Nb6 23. Qb3 Qd5 24. Ne5 Qxb3 25. axb3 fxe5 26. bxa4 Be6 27. Rh4 c5
28. a5 Na4 29. Bc4 Re7 30. Rd6 Bxc4 31. Rxc4 Kf7 32. e4 Rc7 33. f3 Bf8 34. Rd2
Ke6 35. Rd5 Bd6 36. f4 Rh7 37. fxe5 Bc7 38. Rdxc5 Nxc5 39. Rxc5 b3 40. Rb5 b2
41. Rxb2 Bxa5+ 42. Ke2 Rd7 43. Rb3 b6 44. Bf4 Rf7 45. g3 Rc7 46. Rb5 Rc5 47.
Rb1 g5 48. Be3 Rc6 49. Bxg5 Kxe5 50. Kf3 Rc4 51. Bf4+ Ke6 52. Be3 Rc3 53. Kf4
b5 54. Rxb5 Bc7+ 55. e5 Rc4+ 56. Kg5 Bxe5 57. g4 Rc8 58. Rb6+ Kf7 59. Kf5 Bc3
60. Rb7+ Kg8 61. g5 Re8 62. Bc5 Re5+ 63. Kg6 Re6+ 64. Kh5 Be5 65. Ra7 Rc6 66.
Ra8+ Kh7 67. Bf8 Bd4 68. Rd8 Bc3 69. Bd6 Kg7 70. Rd7+ Kg8 71. Kg6 Ba5 72. Kf5
Bc3 73. Rd8+ Kg7 74. g6 Rxd6 75. Rxd6 Bb2 76. Rd7+ Kg8 77. g7 Kh7 78. Rd2 Bc3
79. Rg2 Kg8 80. Kg6 Bb2 81. Rc2 Bc3 82. Rc1 1-0

[Event "4NCL9495 2nd Season"]
[Site "Various Venues"]
[Date "1995.01.22"]
[Round "6.3"]
[White "Ferguson, Mark"]
[Black "Hennigan, Michael"]
[Result "1/2-1/2"]
[WhiteElo "2370"]
[BlackElo "2410"]
[PlyCount "121"]
[EventDate "1994.10.01"]
[EventType "team-tourn"]
[EventRounds "11"]
[EventCountry "GBR"]
[SourceTitle "BritBase"]
[SourceDate "2020.05.17"]
[SourceVersion "1"]
[SourceVersionDate "2020.05.17"]
[SourceQuality "1"]
[WhiteTeam "Midland Monarchs"]
[BlackTeam "Slough"]
[WhiteTeamCountry "ENG"]
[BlackTeamCountry "ENG"]

1. e4 c5 2. Nf3 Nc6 3. d4 cxd4 4. Nxd4 Nf6 5. Nc3 d6 6. Bg5 e6 7. Qd2 a6 8.
O-O-O Bd7 9. f4 Be7 10. Nf3 b5 11. e5 b4 12. exf6 bxc3 13. Qxc3 gxf6 14. Bh4 d5
15. a3 Na5 16. f5 Rc8 17. Qe3 Qc7 18. Ne1 Ba4 19. Qg3 Bd6 20. Qf2 Be5 21. Bg3
Nb3+ 22. Kb1 Nc5 23. Bxe5 fxe5 24. fxe6 fxe6 25. Be2 Rf8 26. Qh4 Rb8 27. Rf1
Rxf1 28. Bxf1 e4 29. Be2 Qg7 30. b4 a5 31. Qf4 Rb6 32. Bh5+ Kd7 33. Qe3 Qe7 34.
Bg4 Kc6 35. Qc3 axb4 36. axb4 Kb7 37. Ka1 Na6 38. Rb1 Bd7 39. Be2 Nxb4 40. Rb3
Qd6 41. Qg3 e5 42. Kb1 Nc6 43. Rxb6+ Kxb6 44. Qb3+ Kc7 45. g3 d4 46. Kb2 Be6
47. Qa3 Qxa3+ 48. Kxa3 Kd6 49. h4 Ne7 50. h5 Nf5 51. g4 Ng3 52. Bd1 e3 53. c3
e2 54. Bc2 Bxg4 55. Bxh7 Nxh5 56. Kb2 Nf6 57. Bg6 Nd5 58. cxd4 exd4 59. Kc1 Ke5
60. Kd2 Nf4 61. Nd3+ 1/2-1/2

[Event "4NCL9495 2nd Season"]
[Site "Various Venues"]
[Date "1995.01.22"]
[Round "6.4"]
[White "Richardson, John R"]
[Black "Buckley, Graeme"]
[Result "0-1"]
[WhiteElo "2290"]
[BlackElo "2310"]
[PlyCount "64"]
[EventDate "1994.10.01"]
[EventType "team-tourn"]
[EventRounds "11"]
[EventCountry "GBR"]
[SourceTitle "BritBase"]
[SourceDate "2020.05.17"]
[SourceVersion "1"]
[SourceVersionDate "2020.05.17"]
[SourceQuality "1"]
[WhiteTeam "Slough"]
[BlackTeam "Midland Monarchs"]
[WhiteTeamCountry "ENG"]
[BlackTeamCountry "ENG"]

1. d4 Nf6 2. c4 Nc6 3. Nf3 e6 4. d5 Bb4+ 5. Bd2 exd5 6. Bxb4 Nxb4 7. a3 Na6 8.
cxd5 c5 9. Nc3 b5 10. Nxb5 Qa5+ 11. Nc3 Rb8 12. Qd2 Nc7 13. e4 O-O 14. e5 Nfxd5
15. Bd3 Nxc3 16. O-O Bb7 17. Ng5 h6 18. Nh7 c4 19. Nxf8 cxd3 20. Qxd3 Kxf8 21.
bxc3 Qxe5 22. Rad1 Bc6 23. Rd2 Ne6 24. Re2 Qd5 25. Qg3 Rb3 26. Rfe1 Kg8 27. Re3
Qc4 28. Qe5 Rb5 29. Qd6 Nf4 30. Re8+ Kh7 31. Qf8 Nh3+ 32. gxh3 Rg5# 0-1